01174nas a2200337 4500001001300000003000900013005001700022007000300039008003400042040005400076041000900130072001300139100002000152100001200172100001900184100002200203100002200225100001700247245015600264650001000420650001100430650001200441650002200453650001900475650001800494773009000512909004000602942001800642999001900660952015700679BR2013002200BR-BrBNA20231205122049.0ta230509b bl.|||p| |||| 00| 00por d aBR-BrBNAbporcBiblioteca Nacional de Agricultura a(Pt) aF04; P341 aGitti, D. de C.1 aArf, O.1 aPortugal, J.R.1 aCorsini, D.C.D.C.1 aRodrigues, R.A.F.1 aKaneko, F.H.1 aCoberturas vegetais, doses de nitrogênio e inoculação de sementes com Azospirillum brasiliense em arroz de terras altas no sistema plantio direto aARROZ aGUANDU aSEMENTE aCOBERTURA VEGETAL aINOCULAÇÃO aPRODUTIVIDADE0 tBragantia (Brazil)xISSN 0006-8705g(oct-dec 2012), v. 71(4) p. 509-517wBR2013002200 a202311bLúciac55dLúcia Elande 2AGRISn0cANA c226731d226731 002AGRIS4071a41918b41918cPeriódicos Agrícolash(oct-dec 2012), v. 71(4) p. 509-517l0r2023-11-29t01yCRePortaria Interministerial nº 164/94